Automatizovaný návrh strojov a zariadení pri tvorbe výrobných systémov pre tvárnenie : Diplomová práca

Na minha lista:
Detalhes bibliográficos
Autor principal: Krupa, Michal, 1985- (Author)
Outros Autores: Bílik, Jozef, 1961- (Thesis advisor)
Formato: Manuscrito Livro
Idioma:eslovaco
Publicado em: Trnava : STU v Bratislave MTF UVSM, 2011
Assuntos:
Acesso em linha:VAIS
Tags: Adicionar Tag
Sem tags, seja o primeiro a adicionar uma tag!

MARC

LEADER 00000ntm a22000003a 4500
001 stu227269
005 20160719160548.5
008 110616s2011----xo------------------slo-d
040 |a STU  |b slo 
041 0 |a slo 
044 |a xo 
100 1 |a Krupa, Michal,  |d 1985-  |4 aut  |X 37829  |7 A000037829 
242 0 0 |a Automated design of machines and equipment to develop production systems for forming  |y eng 
245 1 |a Automatizovaný návrh strojov a zariadení pri tvorbe výrobných systémov pre tvárnenie :  |b Diplomová práca 
260 |a Trnava :  |b STU v Bratislave MTF UVSM,  |c 2011 
300 |a 87 
650 7 |a manufacturing system  |2 estusub 
650 7 |a forming  |2 estusub 
650 7 |a výrobný systém  |2 stusub 
650 7 |a výrobné zariadenia a systémy  |2 stusub 
650 7 |a Production Devices and Systems  |2 estusub 
700 1 |a Bílik, Jozef,  |d 1961-  |4 ths  |u M3000  |U MTF Materiálovotechnologická fakulta  |T MTF Ústav výrobných technológií  |X 1547  |U M3000  |Y 83  |7 A000001547 
856 4 |a info a plný text  |u http://is.stuba.sk/zp/portal_zp.pl?podrobnosti=67479  |3 VAIS 
996 |c M*DP-9764  |l MMSKP  |s P  |a 0  |w stu227269_0001